Hospitality management and organisational behaviour

Uložené v:
Podrobná bibliografia
Hlavný autor: Mullins, Laurie J.
Médium: Kniha
Jazyk:English
Vydavateľské údaje: Harlow Pearson/Longman 2001
Vydanie:4th ed.
Predmet:
Tagy: Pridať tag
Žiadne tagy, Buďte prvý, kto otaguje tento záznam!

MARC

LEADER 00000nam$a2200000$$$4500
001 0068830
005 20231215115010.8
020 |a 0-582-43225-1 
020 |a 978-0-582-43225-3 
041 0 |a eng 
044 |a GB 
245 1 0 |a Hospitality management and organisational behaviour  |c Laurie J. Mullins 
250 |a 4th ed. 
264 1 |a Harlow  |b Pearson/Longman  |c 2001 
300 |a x, 503 s. 
610 2 0 |a pohostinstvo 
610 2 0 |a hotely 
610 2 0 |a reštaurácie 
610 2 0 |a ubytovanie 
610 2 0 |a práca riadiaca 
610 2 0 |a správanie organizačné 
610 2 0 |a riadenie ľudských zdrojov 
610 2 0 |a manažéri 
610 2 0 |a vodcovstvo 
610 2 0 |a lídri 
610 2 0 |a riadenie podnikové 
610 2 0 |a štruktúra organizačná 
610 2 0 |a štruktúra podniku organizačná 
610 2 0 |a analýzy 
610 2 0 |a štúdie prípadové 
610 2 0 |a ciele podnikové 
610 2 0 |a práca s ľuďmi 
610 2 0 |a motivácia pracovná 
610 2 0 |a skupiny pracovné 
610 2 0 |a personalistika 
610 2 0 |a výkony podnikové 
100 1 |a Mullins, Laurie J.